| 000 | 01767cam a22002295a 4500 | ||
|---|---|---|---|
| 001 | E144005 | ||
| 008 | 080611s20080606xxk f as 000 0 eng d | ||
| 035 | _a(Sirsi) u144005 | ||
| 041 | 0 | _aeng | |
| 050 | 0 | 4 | _a333.76 $2 18 |
| 100 | 1 | _aBurgess, Stuart | |
| 245 | 0 | 0 |
_aEngland's rural areas _bsteps to release their economic potential _h[electronic resource] |
| 260 |
_aLondon _bCommission for Rural Communities _c2008 |
||
| 505 | 2 | _aThe contribution of rural economies -- Opportunities and challenge - an overview of evidence -- Solutions to release potential of our rural economies -- Appendix 1 - Collaboration or rural isolation? -- Appendix 2 - estimating unfilled potential from rural businesses | |
| 520 | _aAfter flooding and the outbreak of various animal diseases in 2007, the Prime Minister requested that the Government's Rural Advocate provide a report on ways in which the rural economy might be strengthened. This report lists his findings and advice for the future. His suggestions include supporting sustainable places; empowering rural areas to build on existing economic strengths; the creation of a rural finance forum to examine and overcome lower capital investment in rural areas and that rural communities should be supported in flood prevention initivatives by the Environmental Transition Fund. The report presents a range of case studies in addition to statistical information to promote the points raised. | ||
| 521 | _aAdvanced | ||
| 590 | _aKA | ||
| 651 | 4 |
_aEngland and Wales _y1543- |
|
| 690 | _aPROPERTY-RURAL AND NATURAL ASSETS | ||
| 856 | 4 | 8 |
_uhttps://www.ruralcommunities.gov.uk/publications/crc67englandsruralareasstepstoreleasetheireconomicpotential _zView item free of charge at www.ruralcommunities.gov.uk... |
| 942 | _n0 | ||
| 999 |
_c108342 _d108342 |
||